বধ্যভূমি প্যালেস্টাইন : (Record no. 2664)
[ view plain ]
| 000 -LEADER | |
|---|---|
| fixed length control field | 01301nam a22002297a 4500 |
| 003 - CONTROL NUMBER IDENTIFIER | |
| control field | BD-DhJNU |
| 005 - DATE AND TIME OF LATEST TRANSACTION | |
| control field | 20260409044941.0 |
| 008 - FIXED-LENGTH DATA ELEMENTS--GENERAL INFORMATION | |
| fixed length control field | 260409b |||||||| |||| 00| 0 eng d |
| 020 ## - INTERNATIONAL STANDARD BOOK NUMBER | |
| International Standard Book Number | 9789848830550 |
| 040 ## - CATALOGING SOURCE | |
| Original cataloging agency | BD-DhJNU |
| Language of cataloging | Ben |
| Transcribing agency | BD-DhJNU |
| Modifying agency | BD-DhJNU |
| 082 ## - DEWEY DECIMAL CLASSIFICATION NUMBER | |
| Edition number | 23 |
| Classification number | 956.94 |
| 242 ## - TRANSLATION OF TITLE BY CATALOGING AGENCY | |
| Title | Palestine, the slaughterhouse : |
| Remainder of title | the shameful story of Jewish nationalism and imperialism / |
| Statement of responsibility, etc. | Update Study Group (Editor) |
| 245 ## - TITLE STATEMENT | |
| Title | বধ্যভূমি প্যালেস্টাইন : |
| Remainder of title | ইহুদিজাতিবাদ ও সাম্রাজ্যবাদের কলঙ্কিত কাহিনি / |
| Statement of responsibility, etc. | আপডেট স্টাডি গ্রুপ (সম্পাদক) |
| 260 ## - PUBLICATION, DISTRIBUTION, ETC. | |
| Place of publication, distribution, etc. | ঢাকা : |
| Name of publisher, distributor, etc. | দিব্য প্রকাশ, |
| Date of publication, distribution, etc. | 2024. |
| 300 ## - PHYSICAL DESCRIPTION | |
| Extent | ১৩৪ পৃ. : |
| Other physical details | চিত্র ; |
| Dimensions | ২২ সেমি.। |
| 504 ## - BIBLIOGRAPHY, ETC. NOTE | |
| Bibliography, etc. note | গ্রন্থপঞ্জিগত নির্দেশিকা ও নিঘন্ট অন্তভূক্ত |
| 650 ## - SUBJECT ADDED ENTRY--TOPICAL TERM | |
| Topical term or geographic name entry element | Israel-Palestine Conflict |
| 650 ## - SUBJECT ADDED ENTRY--TOPICAL TERM | |
| Topical term or geographic name entry element | ইসরায়েল-প্যালেস্টাইন দ্বন্দ্ব |
| 650 ## - SUBJECT ADDED ENTRY--TOPICAL TERM | |
| Topical term or geographic name entry element | Political Violence -- Palestine |
| 650 ## - SUBJECT ADDED ENTRY--TOPICAL TERM | |
| Topical term or geographic name entry element | রাজনৈতিক সহিংসতা -- প্যালেস্টাইন |
| 942 ## - ADDED ENTRY ELEMENTS (KOHA) | |
| Source of classification or shelving scheme | Dewey Decimal Classification |
| Koha item type | Books |
| Suppress in OPAC | No |
| Withdrawn status | Lost status | Source of classification or shelving scheme | Damaged status | Not for loan | Collection | Home library | Current library | Shelving location | Date acquired | Source of acquisition | Total checkouts | Full call number | Barcode | Date last seen | Copy number | Price effective from | Koha item type |
|---|---|---|---|---|---|---|---|---|---|---|---|---|---|---|---|---|---|
| Dewey Decimal Classification | Non-fiction | Jagannath University Central Library | Jagannath University Central Library | General stacks | 04/09/2026 | Purchase | 956.94 PAL | JNUCL36202 | 04/09/2026 | 1 | 04/09/2026 | Books |